000 00477cam a2200193ua 4500
001 3970
005 20260515113749.0
008 111212n ii |||gr||||Z||||||asm
040 _cMAIN
082 _a891.4511
100 1 _aTamuly, Gupee,
245 1 1 _aDui kam dusha aru limarik
_cby Gupee Tamuly
250 _a1st.
260 _aGuwahati:
_bRushi tamuly,
_c2001.
300 _a128p:
_c23cm.
653 _aAssamese poem
653 _aDui kam dusha aru limarik
942 _cBK
999 _c3790
_d3790